| 000 | 01680nam a2200445 i 4500 | ||
|---|---|---|---|
| 001 | 196307 | ||
| 003 | ES-MaACL | ||
| 005 | 20241012063108.0 | ||
| 007 | ta | ||
| 008 | 240912s2004 sp | ||| ||spa | ||
| 016 | 7 |
_abimoBNE20040419060 _2SpMaBN |
|
| 017 |
_aM 9527-2004 _bOficina Depósito Legal Madrid |
||
| 020 | _a84-85559-76-2 | ||
| 035 | _a(OCoLC)55883385 | ||
| 035 | _a(SpMaBN)bimo0001938356 | ||
| 035 | _a991015467099708606 | ||
| 040 |
_aSpMaBN _bspa _cSpMaBN _erdc _dES-MaACL |
||
| 080 | _a615.2.015.2 | ||
| 245 | 0 | 0 |
_aCitocromo P-450 / _ceditoras, María Cascales Angosto y María José Gómez-Lechón. |
| 250 | _a1a ed. | ||
| 260 |
_aMadrid : _bInstituto de España, Real Academia Nacional de Farmacia, _c2004. |
||
| 300 |
_a494 p. ; _c24 cm |
||
| 336 |
_2rdacontent _atexto |
||
| 337 |
_2rdamedia _asin mediación |
||
| 338 |
_2rdacarrier _avolumen |
||
| 490 | 1 |
_aMonografía / Instituto de España, Real Academia Nacional de Farmacia ; _vn. 14 |
|
| 504 | _aIncluye referencias bibliográficas | ||
| 546 | _aTextos en español e inglés | ||
| 650 | 0 |
_aCitocromo P-450 _2embne _9238652 |
|
| 700 |
_aCascales Angosto, María, _d1934- _9238653 |
||
| 700 | 1 |
_aGoméz-Lechón, María José _9238654 |
|
| 830 |
_aMonografía (Real Academia Nacional de Farmacia (España)) ; _v14 _9238655 |
||
| 852 |
_aES-MaACL _cDEPO1 _hDonación: Jose Manuel Duarte Cendán _9204025 _jA-15367 |
||
| 903 |
_9238529 _aDuarte Cendán, José Manuel _q1 _ednr |
||
| 942 |
_n0 _cMONOGRAFIA |
||
| 999 |
_c196307 _d196307 |
||